000 00726nam a2200217Ia 4500
008 191130s1996##################000#0#eng##
020 _a9780198280644
022 _a96008166
040 _aACL
_cACL
082 _a337.14 HOO
245 _aCohesion policy and European integration : building multi-level governance
_cedited by Liesbet Hooghe
260 _aOxford
_bOxford University Press
_c1996
300 _axiv, 458 p. : ill., map ; 23 cm
500 _aIncludes bibliographical references (p. [423]-452) and index
650 _aEuropean Union
650 _aRegionalism - European Union countries
700 _aHooghe, Liesbet
990 _aa71d4d3aac10000c4e7fb701bf12535b
991 _a417876
999 _c132291
_d132291